<?xml version="1.0" encoding="UTF-8"?>
<record
    xmlns:xsi="http://www.w3.org/2001/XMLSchema-instance"
    xsi:schemaLocation="http://www.loc.gov/MARC21/slim http://www.loc.gov/standards/marcxml/schema/MARC21slim.xsd"
    xmlns="http://www.loc.gov/MARC21/slim">

  <leader>00637nam a22001457a 4500</leader>
  <datafield tag="999" ind1=" " ind2=" ">
    <subfield code="c">530970</subfield>
    <subfield code="d">530970</subfield>
  </datafield>
  <controlfield tag="008">250722b           ||||| |||| 00| 0 eng d</controlfield>
  <datafield tag="100" ind1=" " ind2=" ">
    <subfield code="a">Menis, Susanna </subfield>
    <subfield code="9">55522</subfield>
  </datafield>
  <datafield tag="245" ind1=" " ind2=" ">
    <subfield code="a">Doing academic careers differently: Portraits of academic life</subfield>
  </datafield>
  <datafield tag="260" ind1=" " ind2=" ">
    <subfield code="a">Social &amp; Legal Studies  </subfield>
  </datafield>
  <datafield tag="300" ind1=" " ind2=" ">
    <subfield code="a">34(3), Jun, 2025: p.458-461</subfield>
  </datafield>
  <datafield tag="520" ind1=" " ind2=" ">
    <subfield code="a">Robinson Sarah, Bristow Alexandraratle Olivier (Eds.),  United Kingdom: Taylor &amp; Francis, 2023, 458 pages ISBN 9781032212616, &#xA3;38 (pbk).- Reproduced 

https://journals.sagepub.com/doi/abs/10.1177/09646639241280682
</subfield>
  </datafield>
  <datafield tag="773" ind1=" " ind2=" ">
    <subfield code="a">Social &amp; Legal Studies  </subfield>
  </datafield>
  <datafield tag="906" ind1=" " ind2=" ">
    <subfield code="a">BOOK REVIEW </subfield>
  </datafield>
  <datafield tag="942" ind1=" " ind2=" ">
    <subfield code="c">AR</subfield>
  </datafield>
  <datafield tag="952" ind1=" " ind2=" ">
    <subfield code="0">0</subfield>
    <subfield code="1">0</subfield>
    <subfield code="2">ddc</subfield>
    <subfield code="4">0</subfield>
    <subfield code="7">0</subfield>
    <subfield code="9">406169</subfield>
    <subfield code="a">IIPA</subfield>
    <subfield code="b">IIPA</subfield>
    <subfield code="d">2025-07-22</subfield>
    <subfield code="h">34(3), Jun, 2025: p.458-461</subfield>
    <subfield code="p">AR136690</subfield>
    <subfield code="r">2025-07-22</subfield>
    <subfield code="y">AR</subfield>
  </datafield>
</record>
